书目信息 |
| 题名: |
蓝天飞翼
|
|
| 作者: | 张钟林 编著 | |
| 分册: | ||
| 出版信息: | 北京 北京航空航天大学出版社 2003.09 |
|
| 页数: | 215页 | |
| 开本: | 26cm | |
| 丛书名: | ||
| 单 册: | ||
| 中图分类: | V271-49 | |
| 科图分类: | ||
| 主题词: | 航空器--类型 | |
| 电子资源: | ||
| ISBN: | 7-81077-279-1 | |
| 000 | 00614nam0 2200205 45 | |
| 001 | 0460443207 | |
| 005 | 2004052516472270 | |
| 010 | @a7-81077-279-1@dCNY 22.00 | |
| 100 | @a20040525d2003 km y0chiy0120 ea | |
| 101 | 0 | @achi |
| 102 | @aCN@b110000 | |
| 200 | 1 | @a蓝天飞翼@ALan Tian Fei Yi@e世界名机集粹@f张钟林编著@FZhang Zhong Lin Bian Zhu |
| 210 | @a北京@c北京航空航天大学出版社@d2003.09 | |
| 215 | @a215页@d26cm | |
| 517 | @a世界名机集粹@AShi Jie Ming Ji Ji Cui | |
| 606 | 0 | @a航空器@x类型 |
| 690 | @aV271-49@v3 | |
| 701 | 0 | @a张钟林@AZhang Zhong Lin@4编著 |
| 801 | 0 | @aCN@bPFT@c20040525 |
| 905 | @dV271-49@eZ253 | |
| 蓝天飞翼:世界名机集粹/张钟林编著.-北京:北京航空航天大学出版社,2003.09 |
| 215页;26cm |
| ISBN 7-81077-279-1:CNY 22.00 |
| ● |
| 相关链接 |
|
|
|
正题名:蓝天飞翼
索取号:V271-49/Z253
 
预约/预借
| 序号 | 登录号 | 条形码 | 馆藏地/架位号 | 状态 | 备注 |
| 1 | 383839 | 203838393 | 自科库501/501自科库 89排1列2层/ [索取号:V271-49/Z253] | 在馆 | |
| 2 | 383840 | 203838400 | 自科库501/501自科库 89排1列2层/ [索取号:V271-49/Z253] | 在馆 | |
| 3 | 383841 | 203838419 | 期刊室512/501自科库 89排1列3层/ [索取号:V271-49/Z253] | 在馆 |